Panorama de la literatura Alemana : desde la Edad Media hasta la Epoca Contemporánea
محفوظ في:
| التنسيق: | كتاب |
|---|---|
| اللغة: | Undetermined |
| منشور في: |
Buenos Aires, Argentina
Sudamericana
1974
|
| الموضوعات: | |
| الوسوم: |
إضافة وسم
لا توجد وسوم, كن أول من يضع وسما على هذه التسجيلة!
|
MARC
| LEADER | 00000nam a2200000Ia 4500 | ||
|---|---|---|---|
| 008 | 170316s9999 xx 000 0 und d | ||
| 040 | |a cru BVZT | ||
| 090 | |a 830 P-1.1p | ||
| 245 | |a Panorama de la literatura Alemana : desde la Edad Media hasta la Epoca Contemporánea | ||
| 260 | |a Buenos Aires, Argentina | ||
| 260 | |b Sudamericana | ||
| 260 | |c 1974 | ||
| 300 | |a 305 páginas | ||
| 650 | |a LITERATURA ALEMANA | ||
| 650 | |a HISTORIA | ||
| 999 | |c 7410 |d 7410 | ||
| 942 | |c 15 D |h 830 P-1.1p |2 z | ||
